Por indicios (Record no. 152282)

MARC details
000 -LEADER
campo de control de longitud fija 00940nam a2200205 i 4500
001 - NÚMERO DE CONTROL
campo de control 152282
003 - IDENTIFICADOR DE NÚMERO DE CONTROL
campo de control ES-MaACL
005 - FECHA Y HORA DE LA ÚLTIMA TRANSACCIÓN
campo de control 20250824074921.0
008 - DATOS DE LONGITUD FIJA--INFORMACIÓN GENERAL
campo de control de longitud fija 931025s1879 sp |||| | spa d
100 1# - ENTRADA PRINCIPAL--NOMBRE DE PERSONA
Nombre de persona Boccherini, Fernando.
9 (RLIN) 126030
245 10 - MENCIÓN DEL TÍTULO
Título Por indicios
Resto del título : juguete cómico en un acto, original y en verso /
Mención de responsabilidad, etc. de Fernando Boccherini.
260 ## - PUBLICACIÓN, DISTRIBUCIÓN, ETC.
Lugar de publicación, distribución, etc. Madrid :
Nombre del editor, distribuidor, etc. [Hijos de A. Gullon],
Fecha de publicación, distribución, etc. 1879 (
Fabricante Establecimiento tipográfico de M.P. Montoya y Cia.)
300 ## - DESCRIPCIÓN FÍSICA
Extensión 30 p. ;
Dimensiones 20 cm.
490 1# - MENCIÓN DE SERIE
Mención de serie El Teatro: Colección de obras dramáticas y líricas
594 #1 - Nota al título y mención de responsabilidad
Nota al título y mención de responsabilidad En port.: Estrenado en el Teatro Martín, el 3 de Marzo de 1879.
596 ## - NOTA AL PIE DE IMPRENTA
NOTA AL PIE DE IMPRENTA Editor tomado de la cub.
830 03 - PUNTO DE ACCESO ADICIONAL DE SERIE-TÍTULO UNIFORME
Título uniforme El teatro: colección de obras dramática y líricas
9 (RLIN) 221753
852 ## - LOCALIZACIÓN
Ubicación ES-MaACL
Número de control de estantería F-8577(6)
Nota libre -- Enc. pasta española
-- -- Enc. en un vol. facticio ormando parte de la col. "Teatro español moderno", vol. 30
Holdings
Estatus retirado Estado de pérdida Estado de daño No para préstamo Colección Biblioteca de origen Biblioteca actual Ubicación en estantería Fecha de adquisición Total de préstamos Signatura topográfica completa Código de barras Visto por última vez Precio de reemplazo Tipo de ítem Koha
        Libros del s. XIX Biblioteca del Ateneo de Madrid Biblioteca del Ateneo de Madrid Sala Pecera Planta 2 17/01/2008   F-8577(6) 1158993 23/02/2023 23/02/2023 Libro impreso antiguo